| 000 | 00506nam a22001697a 4500 | ||
|---|---|---|---|
| 005 | 20251108173450.0 | ||
| 008 | 250721s2006 xx 000 0 ara d | ||
| 082 | 1 | 4 | _aم/ 331.109565/ أرد |
| 245 | 1 | 0 | _aمسح الإستخدام 2004 / |
| 264 | 1 |
_aعمان : _bدائرة الإحصاءات العامة، _c2006. |
|
| 300 | _a121ص. | ||
| 650 | 1 | 7 | _aالمسح الإقتصادي |
| 650 | 1 | 7 | _aالبيانات الإحصائية |
| 650 | 1 | 7 | _aالأردن |
| 942 |
_2ddc _cREF |
||
| 999 |
_c104549 _d104549 |
||